<?xml version="1.0" encoding="UTF-8"?>
<record
    xmlns:xsi="http://www.w3.org/2001/XMLSchema-instance"
    xsi:schemaLocation="http://www.loc.gov/MARC21/slim http://www.loc.gov/standards/marcxml/schema/MARC21slim.xsd"
    xmlns="http://www.loc.gov/MARC21/slim">

  <leader>00728nam a22001697a 4500</leader>
  <controlfield tag="003">LRUA</controlfield>
  <controlfield tag="005">20221125135901.0</controlfield>
  <controlfield tag="008">221125b        xxu||||| |||| 00| 0 eng d</controlfield>
  <datafield tag="040" ind1=" " ind2=" ">
    <subfield code="c">RUA</subfield>
  </datafield>
  <datafield tag="082" ind1=" " ind2=" ">
    <subfield code="a">FOR BIN 2009 B544 Or.1</subfield>
  </datafield>
  <datafield tag="100" ind1=" " ind2=" ">
    <subfield code="a">BIN, MEUN.</subfield>
  </datafield>
  <datafield tag="245" ind1=" " ind2=" ">
    <subfield code="a">Study on procession of bamboo pro9duction in kohsotin district, kompong cham province (&#x179F;&#x17B7;&#x1780;&#x17D2;&#x179F;&#x17B6;&#x1796;&#x17B8;&#x178A;&#x17C6;&#x178E;&#x17BE;&#x179A;&#x1780;&#x17B6;&#x179A;&#x1795;&#x179B;&#x17B7;&#x178F;&#x1780;&#x1798;&#x17D2;&#x1798;&#x178A;&#x17C6;&#x178E;&#x17B6;&#x17C6;&#x17AC;&#x179F;&#x17D2;&#x179F;&#x17B8;&#x1793;&#x17C5;&#x179F;&#x17D2;&#x179A;&#x17BB;&#x1780;&#x1780;&#x17C4;&#x17C7;&#x179F;&#x17BC;&#x1791;&#x17B7;&#x1793;&#x1781;&#x17C1;&#x178F;&#x17D2;&#x178F;&#x1780;&#x17C6;&#x1796;&#x1784;&#x17CB;&#x1785;&#x17B6;&#x1798;)</subfield>
  </datafield>
  <datafield tag="260" ind1=" " ind2=" ">
    <subfield code="a">Phnom Penh</subfield>
    <subfield code="b">RUA</subfield>
    <subfield code="c">2009</subfield>
  </datafield>
  <datafield tag="300" ind1=" " ind2=" ">
    <subfield code="a">x, 42p.</subfield>
    <subfield code="b">ill.</subfield>
    <subfield code="c">29cm.</subfield>
  </datafield>
  <datafield tag="856" ind1=" " ind2=" ">
    <subfield code="u">https://drive.google.com/file/d/1QKDisGYZeFNrhEGoBpBjMCiQH7MOSgz5/view?usp=sharing</subfield>
  </datafield>
  <datafield tag="942" ind1=" " ind2=" ">
    <subfield code="c">FOR</subfield>
    <subfield code="2">ddc</subfield>
  </datafield>
  <datafield tag="999" ind1=" " ind2=" ">
    <subfield code="c">3457</subfield>
    <subfield code="d">3457</subfield>
  </datafield>
  <datafield tag="952" ind1=" " ind2=" ">
    <subfield code="0">0</subfield>
    <subfield code="1">0</subfield>
    <subfield code="2">ddc</subfield>
    <subfield code="4">0</subfield>
    <subfield code="6">FOR_BIN_2009_000000000000000_B137_OR_1</subfield>
    <subfield code="7">0</subfield>
    <subfield code="9">16569</subfield>
    <subfield code="a">LBB</subfield>
    <subfield code="b">LBB</subfield>
    <subfield code="c">B137</subfield>
    <subfield code="d">2015-11-16</subfield>
    <subfield code="o">FOR BIN 2009 B137 Or.1</subfield>
    <subfield code="p">RUA026478</subfield>
    <subfield code="r">2015-11-16</subfield>
    <subfield code="w">2015-11-16</subfield>
    <subfield code="y">FOR</subfield>
  </datafield>
  <datafield tag="952" ind1=" " ind2=" ">
    <subfield code="0">0</subfield>
    <subfield code="1">0</subfield>
    <subfield code="2">ddc</subfield>
    <subfield code="4">0</subfield>
    <subfield code="6">FOR_BIN_2009_000000000000000_B137_OR_2</subfield>
    <subfield code="7">0</subfield>
    <subfield code="9">16570</subfield>
    <subfield code="a">LBB</subfield>
    <subfield code="b">LBB</subfield>
    <subfield code="c">B137</subfield>
    <subfield code="d">2015-11-16</subfield>
    <subfield code="o">FOR BIN 2009 B137 Or.2</subfield>
    <subfield code="p">RUA026406</subfield>
    <subfield code="r">2015-11-16</subfield>
    <subfield code="w">2015-11-16</subfield>
    <subfield code="y">FOR</subfield>
  </datafield>
  <datafield tag="952" ind1=" " ind2=" ">
    <subfield code="0">0</subfield>
    <subfield code="1">0</subfield>
    <subfield code="2">ddc</subfield>
    <subfield code="4">0</subfield>
    <subfield code="6">FOR_BIN_2009_000000000000000_B137_OR_3</subfield>
    <subfield code="7">0</subfield>
    <subfield code="9">16571</subfield>
    <subfield code="a">LBB</subfield>
    <subfield code="b">LBB</subfield>
    <subfield code="c">B137</subfield>
    <subfield code="d">2015-11-16</subfield>
    <subfield code="l">1</subfield>
    <subfield code="o">FOR BIN 2009 B137 Or.3</subfield>
    <subfield code="p">RUA026334</subfield>
    <subfield code="r">2017-08-05</subfield>
    <subfield code="s">2017-07-31</subfield>
    <subfield code="w">2015-11-16</subfield>
    <subfield code="y">FOR</subfield>
  </datafield>
  <datafield tag="952" ind1=" " ind2=" ">
    <subfield code="0">0</subfield>
    <subfield code="1">0</subfield>
    <subfield code="2">ddc</subfield>
    <subfield code="4">0</subfield>
    <subfield code="6">FOR_BIN_2009_000000000000000_B137_OR_4</subfield>
    <subfield code="7">0</subfield>
    <subfield code="9">16572</subfield>
    <subfield code="a">LBB</subfield>
    <subfield code="b">LBB</subfield>
    <subfield code="c">B137</subfield>
    <subfield code="d">2015-11-16</subfield>
    <subfield code="o">FOR BIN 2009 B137 Or.4</subfield>
    <subfield code="p">RUA026262</subfield>
    <subfield code="r">2015-11-16</subfield>
    <subfield code="w">2015-11-16</subfield>
    <subfield code="y">FOR</subfield>
  </datafield>
  <datafield tag="952" ind1=" " ind2=" ">
    <subfield code="0">0</subfield>
    <subfield code="1">0</subfield>
    <subfield code="2">ddc</subfield>
    <subfield code="4">0</subfield>
    <subfield code="6">FOR_BIN_2009_000000000000000_B137_OR_5</subfield>
    <subfield code="7">0</subfield>
    <subfield code="9">16573</subfield>
    <subfield code="a">LBB</subfield>
    <subfield code="b">LBB</subfield>
    <subfield code="c">B137</subfield>
    <subfield code="d">2015-11-16</subfield>
    <subfield code="o">FOR BIN 2009 B137 Or.5</subfield>
    <subfield code="p">RUA026349</subfield>
    <subfield code="r">2015-11-16</subfield>
    <subfield code="w">2015-11-16</subfield>
    <subfield code="y">FOR</subfield>
  </datafield>
  <datafield tag="952" ind1=" " ind2=" ">
    <subfield code="0">0</subfield>
    <subfield code="1">0</subfield>
    <subfield code="2">ddc</subfield>
    <subfield code="4">0</subfield>
    <subfield code="6">FOR_BIN_2009_000000000000000_B544_OR_1</subfield>
    <subfield code="7">0</subfield>
    <subfield code="9">78721</subfield>
    <subfield code="a">LBB</subfield>
    <subfield code="b">LBB</subfield>
    <subfield code="c">B544</subfield>
    <subfield code="d">2019-05-03</subfield>
    <subfield code="o">FOR BIN 2009 B544 Or.1</subfield>
    <subfield code="p">A40378</subfield>
    <subfield code="r">2019-05-03</subfield>
    <subfield code="w">2019-05-03</subfield>
    <subfield code="y">FOR</subfield>
  </datafield>
  <datafield tag="952" ind1=" " ind2=" ">
    <subfield code="0">0</subfield>
    <subfield code="1">0</subfield>
    <subfield code="2">ddc</subfield>
    <subfield code="4">0</subfield>
    <subfield code="6">FOR_BIN_2009_000000000000000_B544_OR_2</subfield>
    <subfield code="7">0</subfield>
    <subfield code="9">78722</subfield>
    <subfield code="a">LBB</subfield>
    <subfield code="b">LBB</subfield>
    <subfield code="c">B544</subfield>
    <subfield code="d">2019-05-03</subfield>
    <subfield code="o">FOR BIN 2009 B544 Or.2</subfield>
    <subfield code="p">A40401</subfield>
    <subfield code="r">2019-05-03</subfield>
    <subfield code="w">2019-05-03</subfield>
    <subfield code="y">FOR</subfield>
  </datafield>
  <datafield tag="952" ind1=" " ind2=" ">
    <subfield code="0">0</subfield>
    <subfield code="1">0</subfield>
    <subfield code="2">ddc</subfield>
    <subfield code="4">0</subfield>
    <subfield code="6">FOR_BIN_2009_000000000000000_B544_OR_3</subfield>
    <subfield code="7">0</subfield>
    <subfield code="9">78723</subfield>
    <subfield code="a">LBB</subfield>
    <subfield code="b">LBB</subfield>
    <subfield code="c">B544</subfield>
    <subfield code="d">2019-05-03</subfield>
    <subfield code="o">FOR BIN 2009 B544 Or.3</subfield>
    <subfield code="p">A40326</subfield>
    <subfield code="r">2019-05-03</subfield>
    <subfield code="w">2019-05-03</subfield>
    <subfield code="y">FOR</subfield>
  </datafield>
  <datafield tag="952" ind1=" " ind2=" ">
    <subfield code="0">0</subfield>
    <subfield code="1">0</subfield>
    <subfield code="2">ddc</subfield>
    <subfield code="4">0</subfield>
    <subfield code="6">FOR_BIN_2009_000000000000000_B544_OR_4</subfield>
    <subfield code="7">0</subfield>
    <subfield code="9">78724</subfield>
    <subfield code="a">LBB</subfield>
    <subfield code="b">LBB</subfield>
    <subfield code="c">B544</subfield>
    <subfield code="d">2019-05-03</subfield>
    <subfield code="o">FOR BIN 2009 B544 Or.4</subfield>
    <subfield code="p">A40251</subfield>
    <subfield code="r">2019-05-03</subfield>
    <subfield code="w">2019-05-03</subfield>
    <subfield code="y">FOR</subfield>
  </datafield>
  <datafield tag="952" ind1=" " ind2=" ">
    <subfield code="0">0</subfield>
    <subfield code="1">0</subfield>
    <subfield code="2">ddc</subfield>
    <subfield code="4">0</subfield>
    <subfield code="6">FOR_BIN_2009_000000000000000_B544_OR_5</subfield>
    <subfield code="7">0</subfield>
    <subfield code="9">78725</subfield>
    <subfield code="a">LBB</subfield>
    <subfield code="b">LBB</subfield>
    <subfield code="c">B544</subfield>
    <subfield code="d">2019-05-03</subfield>
    <subfield code="o">FOR BIN 2009 B544 Or.5</subfield>
    <subfield code="p">A40595</subfield>
    <subfield code="r">2019-05-03</subfield>
    <subfield code="w">2019-05-03</subfield>
    <subfield code="y">FOR</subfield>
  </datafield>
</record>
